000 00729nam a2200277Ia 4500
005 20260320195832.0
008 008 262003s9999 xx 000 0 hin d
020 _a9789389577228
037 _aEBOOK
040 _aCRL
040 _bhin
040 _cCRL
041 _2hin
041 _ahin
084 _qCRL
100 _aरेखा सेठी
_91133265
245 0 _aस्त्री कविता : पक्ष और परिप्रेक्षा—1
250 _a1st
260 _bRajkamal
260 _c2019
300 _a238
856 _uhttps://ebook.indiaread.in/pdfs/1024_stree_kavita_paksh_aur_pariprekshya.pdf
942 _cEBOOK
999 _c1716756
_d1716756